00940nam a2200241 a 450000100100000000500170001000800410002704000250006808200170009310000280011024500930013826000490023130000300028049000340031050000430034450000410038753400480042870000340047683000410051004900090055195201210056099900170068100002434820200930022931.0110126s1977 ag a r 000 0 spa d aDO-SdBNPbspacBNPHU axxxxbSh528s1 aShane, Harold G.94993413aEl significado educacional del futuro /cHarold G. Shane ; traducción Ramón Alcalde. aBuenos Aires, Argentina :bGuadalupe,c1977. a118 p. :bil. ;c22.5 cm.1 aBiblioteca pedagógica ;v42 aIncluye notas al pie de las páginas. aIncluye bibliografía p. [100-103]. aThe educational significance of the future.1 aAlcalde, Ramón,etr.948967 0aBiblioteca pedagógica ;n42949935 aBNGR 001054708MOaGRbGRcCTd2011-01-26iLF1l0oxxxx Sh528sp24348-10r2020-06-25w2020-06-25y4ZPréstamo en sala c23841d23841